| 000 | 00744nam a2200253Ia 4500 | ||
|---|---|---|---|
| 003 | GCL | ||
| 008 | 140319s9999 xx 000 0 ara d | ||
| 040 |
_aGCL / _cGCL |
||
| 082 | 0 | 4 |
_a709 _bهـ ف |
| 100 | 1 | _aفؤاد زكريا | |
| 245 | 1 | 0 |
_aالفن والمجتمع عبر التاريخ / _cفؤاد زكريا |
| 700 | 1 | _aاحمد خاكى | |
| 700 | 1 | _aهاوزر, ارنولد | |
| 490 | _a | ||
| 650 | 0 | 4 | _aالواقعية |
| 650 | 0 | 4 | _aالعصور الوسطى |
| 650 | 0 | 4 | _aالفن المسيحى |
| 650 | 0 | 4 | _aالصور |
| 650 | 0 | 4 | _aالفن والمجتمع |
| 650 | 0 | 4 | _aالفن البيزنطى |
| 650 | 0 | 4 | _aالفن - تاريخ ونقد |
| 650 | 0 | 4 | _aعصر النهضة (1300 - 1494) |
| 942 |
_2ddc _cBK |
||
| 999 |
_c39391 _d39391 |
||